00787nam a22002417a 45000010005000000030006000050050017000110080041000280200018000690400029000870500020001160820012001361000022001482450059001702600038002293000064002674900029003315050008003605200090003685210029004585210020004876500038005078479FISKH20251203131146.0250915b cb ||||| |||| 00| 0 eng d a9780590761536 aFISKHbengcFISKHdFISKH a QL737.C27 C365 a599.786 aCanizares, Susan  aPolar bears /cBy Susan Canizares and Daniel Moreton  aNew York : bScholastic , c1998. a16 unnumbered pages : bcolor illustrations ;c18 x 21cm .  aScience Emergent Readers aD  aPhotographs and simple text depict the daily activities of polar bears in the Arctic.8 a160 bLexile estimate 8 aD bRaz-Plus  aPolar BearsvJuvenile Literature